| 000 | 00810nam a2200289Ia 4500 | ||
|---|---|---|---|
| 005 | 20260324115847.0 | ||
| 008 | 008 260324s9999 xx 000 0 eng d | ||
| 020 | _a9781315265278 | ||
| 037 | _aEBOOK | ||
| 040 | _aCRL | ||
| 040 | _beng | ||
| 040 | _cCRL | ||
| 041 | _2eng | ||
| 041 | _aeng | ||
| 084 | _qCRL | ||
| 100 |
_aDongxing Wang _91154572 |
||
| 245 | 0 | _aInformation Science and Electronic Engineering | |
| 245 | 0 | _bProceedings of the 3rd International Conference of Electronic Engineering and Information Science (ICEEIS 2016), January 4-5, 2016, Harbin, China | |
| 260 | _bTaylor and Francis | ||
| 260 | _c2016 | ||
| 365 | _a | ||
| 365 | _b400 | ||
| 856 | _uhttp://www.taylorfrancis.com/books/9781315265278 | ||
| 942 | _cEBOOK | ||
| 999 |
_c1747476 _d1747476 |
||